Vocabulaire en Anglais : (Thème : Métiers #1) - Statistiques

Statistiques générales
  • Ce quiz a été pris 191 fois
  • Le résultat moyen est 19 sur 50
Statistiques - réponses
Mot en français Réponse attendue en Anglais % Correct
un acteur an actor
98%
un chanteur a singer
79%
un écrivain a writer
76%
un avocat a lawyer
74%
un cuisinier a cook
72%
un danseur a dancer
69%
un architecte an architect
67%
un boulanger a baker
65%
une infirmière a nurse
65%
un jardinier a gardener
63%
un juge a judge
63%
un chauffeur de taxi a taxi driver
59%
un dentiste a dentist
55%
un journaliste a journalist
55%
un coiffeur a hairdresser
54%
un boucher a butcher
52%
un auteur an author
52%
un agriculteur a farmer
51%
un bijoutier a jeweller
51%
un maire a mayor
50%
un chirurgien a surgeon
47%
un caissier a cashier
42%
un footballeur a football player
40%
un arbitre a referee
40%
un député a deputy
38%
un éléctricien an electrician
37%
un basketeur a basketball player
35%
un charpentier /un menuisier a carpenter
29%
un comptable an accountant
27%
un facteur a postman
27%
un livreur a delivery man
24%
un développeur a developer
24%
un bibliothécaire a librarian
21%
un épicier a grocer
18%
un déménageur a mover
17%
un barman a bartender
16%
un commercial a salesman
14%
une hôtesse de l'air a stewardess
14%
un agent immobilier an estate agent
11%
un employé de bureau an office worker
11%
un bûcheron a woodcutter
9%
un directeur des ressourceshumaines (DRH) a human resources director
8%
un animateur TV a TV presenter
8%
un ambulancier an ambulance driver
7%
un courtier a broker
6%
un éboueur a dustman
5%
un charcutier a pork butcher
5%
un couturier a dressmaker
4%
un informaticien a computer engineer
3%
un bagagiste a baggage handler
2%
Aucun quiz correspondant
Distribution des résultats
% des personnes avec chaque résultat
Percentile par nombre de réponses
Votre historique - résultats
Vous n’avez pas pris ce quiz